000 00839cam a2200265 a 4500
008
020 _a0797414290
049 _aMAIN
090 _aSB603.5
100 1 _aElwell, H. A.
245 1 0 _aNatural pest & disease control /
_cHenry Elwell and Anita Maas.
246 3 _aNatural pest and disease control.
260 _aHarare, Zimbabwe :
_bNatural Farming Network with assistance from the Plant Protection Improvement Programme,
_c1995.
300 _a128 p. :
_bill. ;
_c25 cm.
504 _aIncludes bibliographical references.
650 0 _aGarden pests.
650 0 _aPlant diseases.
650 0 _aPests
_xControl.
700 1 _aMaas, Anita.
907 _a.b10205238
_b16-06-06
_c12-06-06
003
005 20230123134220.0
040 _cNUST
942 _cBOOKS
_kSB603.5
999 _c162029
_d162029